PRINCIPLES AND PRACTICE OF COMMUNITY MEDICINE (Record no. 8596)

MARC details
000 -LEADER
fixed length control field 00454nam a22001817a 4500
005 - DATE AND TIME OF LATEST TRANSACTION
control field 20240902112819.0
008 - FIXED-LENGTH DATA ELEMENTS--GENERAL INFORMATION
fixed length control field 240831b |||||||| |||| 00| 0 eng d
020 ## - INTERNATIONAL STANDARD BOOK NUMBER
ISBN 978-93-5270-034-9
041 ## - LANGUAGE CODE
Language code of text/sound track or separate title eng
082 ## - DEWEY DECIMAL CLASSIFICATION NUMBER
Classification number 614.44 RAH
100 ## - MAIN ENTRY--AUTHOR NAME
Personal name RAHIM, ASMA
245 ## - TITLE STATEMENT
Title PRINCIPLES AND PRACTICE OF COMMUNITY MEDICINE
250 ## - EDITION STATEMENT
Edition statement 2ND ,ED-2017
260 ## - PUBLICATION, DISTRIBUTION, ETC. (IMPRINT)
Place of publication NEW DELHI
Name of publisher JAYPEE BROTHERS
Year of publication 2017
300 ## - PHYSICAL DESCRIPTION
Number of Pages 758;P
650 ## - SUBJECT ADDED ENTRY--TOPICAL TERM
Topical Term BPT
942 ## - ADDED ENTRY ELEMENTS (KOHA)
Koha item type Books
Holdings
Lost status Damaged status Collection code Home library Current library Shelving location Date acquired Source of acquisition Cost, normal purchase price Serial Enumeration / chronology Full call number Accession Number Koha item type
    Reference JRU Library JRU Library SHELF-8-B RB 30/08/2024 PURCHASE 1495.00 NEW ARRIVALS SHELF 614.44 28335 Books
    PHYSIOTHERAPY JRU Library JRU Library Shelf 20 F 30/08/2024 PURCHASE 1495.00   614.44 28336 Books